[Event "DM 2026 G7 A"]
[Site "Svendborg"]
[Date "2026.04.06"]
[Round "7.4"]
[White "Ramsdal, Mikkel"]
[Black "Leimand, Jens Christian"]
[Result "1-0"]
[WhiteElo "1995"]
[BlackElo "2129"]
[WhiteFideId "1438484"]
[BlackFideId "1404270"]
[EventDate "2026.03.31"]
[EventType "swiss"]
[EventRounds "7"]
[EventCountry "DEN"]
[SourceTitle "Live v. Kasper Jerwiarz"]

1. Nf3 d5 2. e3 Nf6 3. c4 c6 4. Nc3 a6 5. a4 Bf5 6. cxd5 cxd5 7. Qb3 Ra7 8. Be2 e6 9. Nh4 Bg6 10. Nxg6 hxg6 11. d4 Nc6 12. Bd2 Bd6 13. h3 Qe7 14. a5 Bc7 15. O-O g5 16. Qa3 Qxa3 17. bxa3 Bxa5 18. Rab1 Kd7 19. Rfc1 Rc8 20. Kf1 Ne8 21. Be1 b5 22. a4 b4 23. Na2 Rb8 24. Rb3 Rb6 25. Rc5 Nd6 26. f3 Rb8 27. Rc2 Rb6 28. Nc1 Rc7 29. Nd3 Ke7 30. Bg3 Rc8 31. Nc5 Nb8 32. Bd3 f6 33. Ke1 Nb7 34. Nxb7 Rxc2 35. Nxa5 Rc7 36. Bxc7 1-0

[Event "DM 2026 G7 A"]
[Site "Svendborg"]
[Date "2026.04.06"]
[Round "7.5"]
[White "Bjerg, Ludvig"]
[Black "Sonne, Lasse"]
[Result "1/2-1/2"]
[WhiteElo "1958"]
[BlackElo "1979"]
[WhiteFideId "1477676"]
[BlackFideId "1477161"]
[EventDate "2026.03.31"]
[EventType "swiss"]
[EventRounds "7"]
[EventCountry "DEN"]
[SourceTitle "Live v. Kasper Jerwiarz"]

1. e4 e5 2. Nf3 Nc6 3. Bb5 f5 4. d3 fxe4 5. dxe4 Nf6 6. Nc3 Bb4 7. O-O Bxc3 8. bxc3 d6 9. Bg5 h6 10. Bxf6 Qxf6 11. Qd5 Bd7 12. c4 Qf7 13. Qxf7+ Kxf7 14. c5 Bg4 15. Bxc6 bxc6 16. Nd2 Rab8 17. Rab1 Be6 18. a4 Ke7 19. cxd6+ cxd6 20. c4 c5 21. f3 a5 22. Rb5 Bd7 23. Rxa5 Ra8 1/2-1/2

[Event "DM 2026 G7 A"]
[Site "Svendborg"]
[Date "2026.04.06"]
[Round "7.6"]
[White "Hollesen, Kurt"]
[Black "Andersen, Rune"]
[Result "1-0"]
[WhiteElo "1977"]
[BlackElo "2051"]
[WhiteFideId "1406817"]
[BlackFideId "1405683"]
[EventDate "2026.03.31"]
[EventType "swiss"]
[EventRounds "7"]
[EventCountry "DEN"]
[SourceTitle "Live v. Kasper Jerwiarz"]

1. e4 c5 2. c4 Nc6 3. Nc3 g6 4. g3 Bg7 5. Bg2 d6 6. Nge2 f5 7. d3 Nf6 8. h3 e5 9. Be3 Be6 10. Nd5 Qd7 11. Qd2 O-O 12. Bh6 Bxd5 13. cxd5 Bxh6 14. Qxh6 Nb4 15. Qd2 Qb5 16. Nc1 fxe4 17. dxe4 Qc4 18. b3 Qc2 19. f3 Qxd2+ 20. Kxd2 Nxe4+ 21. fxe4 Rf2+ 22. Ne2 Rxg2 23. a3 Nc2 24. Kxc2 Rxe2+ 25. Kd3 Rf2 26. Rhe1 Raf8 27. b4 R8f3+ 28. Kc4 Rc2+ 29. Kb5 Rxg3 30. Rec1 Rb2 31. Ka4 b6 32. Kb5 Rf3 33. Kc6 Rf6 34. Rf1 Rxf1 35. Rxf1 cxb4 36. axb4 Rxb4 37. Kxd6 Rxe4 38. Ke7 Rd4 39. d6 h5 40. d7 Kg7 41. d8=Q Rxd8 42. Kxd8 e4 43. Ke7 e3 44. Re1 g5 45. Rxe3 h4 46. Re6 b5 47. Re5 Kg6 48. Rxb5 1-0

[Event "DM 2026 G7 A"]
[Site "Svendborg"]
[Date "2026.04.06"]
[Round "7.7"]
[White "Juulsen, Elias Tipsmark"]
[Black "Jensen, Soren"]
[Result "0-1"]
[WhiteElo "1933"]
[BlackElo "1992"]
[WhiteFideId "1476831"]
[BlackFideId "1421204"]
[EventDate "2026.03.31"]
[EventType "swiss"]
[EventRounds "7"]
[EventCountry "DEN"]
[SourceTitle "Live v. Kasper Jerwiarz"]

1. e4 e5 2. d4 Nf6 3. dxe5 Nxe4 4. Bc4 Nc5 5. Nf3 Be7 6. Nc3 Ne6 7. Be3 Nc6 8. Qd2 b6 9. O-O-O Bb7 10. h4 h6 11. Qe2 Qc8 12. g4 Na5 13. Bd5 Bxd5 14. Nxd5 Qb7 15. Nxe7 Kxe7 16. Nd2 Rae8 17. f4 Kd8 18. f5 Nf8 19. Bf4 Kc8 20. Rh3 d6 21. Re3 d5 22. Nb3 Nc4 23. Red3 c6 24. Qh2 Nd7 25. Re1 Qa6 26. a3 Qb5 27. e6 Nc5 28. Rc3 fxe6 29. Rxc4 Qxc4 30. Nxc5 Qxc5 31. Bb8 Qe7 32. Rxe6 Qb7 33. Bf4 Rxe6 34. fxe6 Re8 35. Qe2 Qe7 36. Qa6+ Kd8 37. b3 Qf6 38. Bg3 Qa1+ 39. Kd2 Qd4+ 0-1

[Event "DM 2026 G7 A"]
[Site "Svendborg"]
[Date "2026.04.06"]
[Round "7.8"]
[White "Rasmussen, Victoria"]
[Black "Jensen, Morten Frank"]
[Result "1/2-1/2"]
[WhiteElo "1811"]
[BlackElo "1995"]
[WhiteFideId "1487531"]
[BlackFideId "1407325"]
[EventDate "2026.03.31"]
[EventType "swiss"]
[EventRounds "7"]
[EventCountry "DEN"]
[SourceTitle "Live v. Kasper Jerwiarz"]

1. e4 d6 2. d4 Nf6 3. Nc3 g6 4. f4 Bg7 5. Nf3 O-O 6. Bd3 Nc6 7. e5 dxe5 8. fxe5 Nd5 9. Nxd5 Qxd5 10. c3 Bf5 11. Bxf5 gxf5 12. O-O e6 13. Bf4 Kh8 14. h4 Ne7 15. h5 h6 16. Qd2 Kh7 17. b3 c6 18. c4 Qd7 19. Kf2 Rad8 20. Rad1 Qc7 21. Qc2 Kh8 22. Qd2 1/2-1/2

[Event "DM 2026 G7 A"]
[Site "Svendborg"]
[Date "2026.04.06"]
[Round "7.9"]
[White "Dreisler, Morten"]
[Black "Bratholm, Palle"]
[Result "1/2-1/2"]
[WhiteElo "2011"]
[BlackElo "2061"]
[WhiteFideId "1420593"]
[BlackFideId "1404083"]
[EventDate "2026.03.31"]
[EventType "swiss"]
[EventRounds "7"]
[EventCountry "DEN"]
[SourceTitle "Live v. Kasper Jerwiarz"]

1. d4 Nf6 2. Bg5 e6 3. e3 c5 4. Nf3 b6 5. c4 Be7 6. Be2 Bb7 7. O-O O-O 8. Nc3 d5 9. dxc5 bxc5 10. Ne5 Nbd7 11. Bf4 Nxe5 12. Bxe5 dxc4 13. Qa4 Qb6 14. Qxc4 Rfd8 15. Rac1 Rac8 16. a3 Nd5 17. Na4 Qa5 18. e4 Nb6 19. Nxb6 axb6 20. Rfd1 Bc6 21. Qc2 Qa4 22. Bd3 f6 23. b3 Qa7 24. Bb2 b5 25. a4 bxa4 26. Ra1 Ra8 27. bxa4 Bxa4 28. Qc4 Qb6 29. Rxa4 Rxa4 30. Qxa4 Qxb2 31. Qc4 Kf7 32. h3 Rd4 33. Qc2 Qxc2 34. Bxc2 Rxd1+ 35. Bxd1 c4 36. Kf1 e5 37. Bg4 Bc5 38. Be2 c3 39. Bc4+ Ke7 40. Bb3 Bd4 41. Ke2 Kd6 42. f3 Kc5 1/2-1/2

[Event "DM 2026 G7 A"]
[Site "Svendborg"]
[Date "2026.04.06"]
[Round "7.10"]
[White "Leimand, Peter Martin"]
[Black "Poulsen, Peter Risgaard"]
[Result "1/2-1/2"]
[WhiteElo "1987"]
[BlackElo "1898"]
[WhiteFideId "1407899"]
[BlackFideId "1407333"]
[EventDate "2026.03.31"]
[EventType "swiss"]
[EventRounds "7"]
[EventCountry "DEN"]
[SourceTitle "Live v. Kasper Jerwiarz"]

1. e4 e6 2. d4 d5 3. Nd2 Nf6 4. e5 Nfd7 5. Bd3 c5 6. c3 Nc6 7. Ne2 cxd4 8. cxd4 f6 9. exf6 Nxf6 10. Nf3 Bd6 11. O-O Qc7 12. Re1 O-O 13. Bg5 Bd7 14. Bh4 Nh5 15. Rc1 Nf4 16. Nxf4 Bxf4 17. Rc2 Rae8 18. a3 Kh8 19. Bg3 Bxg3 1/2-1/2